00417nam a2200121Ia 4500008004100000041000800041082001600049100001700065245004200082260003000124999001900154952012200173230627s9999 xx 000 0 und d amar a346.08bGHA aGhanekar B.V aA To Z Offence Of Dishonour Of Cheque aPunebB.V. Ghanekarc2003 c687023d687023 001040708LLBaNLPbNLPcNLP-25d2004-03-31g350.00l0o346.08 GHApNLP-N07646r2023-07-17 00:00:00w2023-07-17yBK